[Event "43. Olimpiada Batumi 2018 Femenina"]
[Site "Batumi GEO"]
[Date "2018.10.03"]
[Round "9.4"]
[White "Salim-Moussa, Seydi"]
[Black "Kaslan, Alexandra"]
[Result "1/2-1/2"]
[WhiteElo "1601"]
[BlackElo "1414"]
[PlyCount "97"]
[EventDate "2018.09.24"]
[EventType "team-swiss"]
[EventRounds "11"]
[EventCountry "GEO"]
[SourceTitle "Ajedrez en Madrid"]
[Source "lmi"]
[SourceDate "2018.09.24"]
[WhiteTeam "Netherlands Antilles"]
[BlackTeam "Surinam"]
[WhiteTeamCountry "AHO"]
[BlackTeamCountry "SUR"]

1. e4 c5 2. Nf3 d6 3. d4 cxd4 4. Nxd4 Nf6 5. Nc3 e6 6. Bd3 Nbd7 7. O-O Be7 8.
Be3 Ne5 9. Nf3 Nfg4 10. Nxe5 Nxe5 11. Qd2 O-O 12. Ne2 Bd7 13. f4 Nxd3 14. cxd3
Bc6 15. Ng3 d5 16. e5 d4 17. Bf2 Qd5 18. Ne4 Qd7 19. Rae1 a5 20. a3 b5 21. Qe2
f6 22. exf6 gxf6 23. Nd2 Bd5 24. Bxd4 Rf7 25. Ne4 f5 26. Nc5 Bxc5 27. Bxc5 Rg7
28. Rf2 Rc8 29. Bd4 Rg6 30. Qe5 Kf7 31. Bc3 Rcg8 32. Ree2 Qc6 33. g3 h5 34.
Bxa5 h4 35. Rc2 hxg3 36. hxg3 Rxg3+ 37. Kh2 Rg2+ 38. Rxg2 Rxg2+ 39. Rxg2 Bxg2
40. Qc7+ Qxc7 41. Bxc7 Bf1 42. d4 Bc4 43. Bd6 Ke8 44. Kg3 Kd7 45. Bb4 Kc6 46.
Kf3 Bd5+ 47. Ke3 Bc4 48. Bc5 Kd5 49. Bb4 1/2-1/2

[Event "43. Olimpiada Batumi 2018 Femenina"]
[Site "Batumi GEO"]
[Date "2018.10.03"]
[Round "9.1"]
[White "Rawan, Eyhab"]
[Black "Assa, Oluwaseun"]
[Result "1/2-1/2"]
[WhiteElo "1568"]
[BlackElo "1881"]
[PlyCount "147"]
[EventDate "2018.09.24"]
[EventType "team-swiss"]
[EventRounds "11"]
[EventCountry "GEO"]
[SourceTitle "Ajedrez en Madrid"]
[Source "lmi"]
[SourceDate "2018.09.24"]
[WhiteTeam "Sudan"]
[BlackTeam "Nigeria"]
[WhiteTeamCountry "SUD"]
[BlackTeamCountry "NGR"]

1. d4 d5 2. Bf4 Nf6 3. e3 e6 4. Nf3 c5 5. c3 Nc6 6. Nbd2 c4 7. Be2 Be7 8. h3
O-O 9. O-O a6 10. Qc2 Bd6 11. Bxd6 Qxd6 12. e4 Qd8 13. Rfe1 h6 14. Bf1 a5 15.
exd5 exd5 16. Ne5 Nxe5 17. Rxe5 Be6 18. Be2 Re8 19. Bf3 b5 20. Nf1 b4 21. Re2
Rb8 22. Ne3 Qb6 23. Rae1 Qb5 24. Nf5 Bxf5 25. Qxf5 Rxe2 26. Rxe2 bxc3 27. bxc3
Qb1+ 28. Qxb1 Rxb1+ 29. Kh2 Rc1 30. Re5 Rxc3 31. Bxd5 Nxd5 32. Rxd5 Ra3 33. Rc5
Rxa2 34. Rc8+ Kh7 35. Rxc4 Rxf2 36. Kg3 Rf6 37. Ra4 Ra6 38. Kf4 Kg6 39. Ke5 f6+
40. Kd5 Kf7 41. Kc5 Ke6 42. Kb5 Ra8 43. Kb6 Kd5 44. g4 Ke4 45. Kc6 Ra6+ 46. Kc5
Ra8 47. d5+ Ke5 48. Kc6 Rc8+ 49. Kd7 Ra8 50. Kc6 g6 51. h4 f5 52. h5 f4 53. d6
f3 54. d7 f2 55. Ra1 gxh5 56. gxh5 Ke4 57. Kb7 Rf8 58. Kc7 Ke3 59. d8=Q Rxd8
60. Kxd8 Ke2 61. Ra2+ Ke3 62. Ra3+ Kf4 63. Ra1 Kg3 64. Kc7 Kg2 65. Kb6 f1=Q 66.
Rxf1 Kxf1 67. Kxa5 Kg2 68. Kb4 Kg3 69. Kc3 Kh4 70. Kd2 Kxh5 71. Ke2 Kh4 72. Kf2
Kh3 73. Kg1 Kg3 74. Kh1 1/2-1/2

[Event "43. Olimpiada Batumi 2018 Femenina"]
[Site "Batumi GEO"]
[Date "2018.10.03"]
[Round "9.2"]
[White "Chukwuemeka-Ehirim, Chinyere"]
[Black "Rawan, Jamal"]
[Result "1-0"]
[WhiteElo "1871"]
[BlackElo "1471"]
[PlyCount "111"]
[EventDate "2018.09.24"]
[EventType "team-swiss"]
[EventRounds "11"]
[EventCountry "GEO"]
[SourceTitle "Ajedrez en Madrid"]
[Source "lmi"]
[SourceDate "2018.09.24"]
[WhiteTeam "Nigeria"]
[BlackTeam "Sudan"]
[WhiteTeamCountry "NGR"]
[BlackTeamCountry "SUD"]

1. Nf3 Nf6 2. d4 d5 3. e3 g6 4. Be2 Bg7 5. Nbd2 O-O 6. b3 Bf5 7. Bb2 Nc6 8. a3
a6 9. O-O Re8 10. Re1 Rc8 11. Rc1 b5 12. Bd3 e6 13. e4 Bg4 14. e5 Nh5 15. h3
Bxf3 16. Nxf3 Bh6 17. Rb1 Ne7 18. Bc1 Bxc1 19. Qxc1 Ng7 20. g4 h5 21. Qh6 Kf8
22. Ng5 Ng8 23. Nh7+ Ke7 24. Qxg7 Kd7 25. Qxf7+ Re7 26. Qxg6 Qe8 27. Nf6+ Nxf6
28. exf6 Rf7 29. Bf5 Rf8 30. Qxe8+ Rcxe8 31. Bg6 Rd8 32. f7 hxg4 33. hxg4 Ke7
34. Re3 Rh8 35. Bh5 Rh6 36. Rbe1 Rdh8 37. Rf3 Rf6 38. Rxf6 Kxf6 39. Re3 Rf8 40.
Rf3+ Kg7 41. Kg2 c6 42. Rc3 Rc8 43. Kg3 Kf6 44. Kf4 a5 45. g5+ Kg7 46. Ke5 b4
47. axb4 axb4 48. Rf3 Rh8 49. f8=Q+ Rxf8 50. Rxf8 Kxf8 51. Kxe6 Kg7 52. f4 Kg8
53. f5 Kg7 54. Ke7 c5 55. f6+ Kh7 56. f7 1-0

[Event "43. Olimpiada Batumi 2018 Femenina"]
[Site "Batumi GEO"]
[Date "2018.10.03"]
[Round "9.3"]
[White "Sara, Gadalla Karar"]
[Black "Akintoye, Deborah"]
[Result "0-1"]
[WhiteElo "1446"]
[BlackElo "1853"]
[PlyCount "100"]
[EventDate "2018.09.24"]
[EventType "team-swiss"]
[EventRounds "11"]
[EventCountry "GEO"]
[SourceTitle "Ajedrez en Madrid"]
[Source "lmi"]
[SourceDate "2018.09.24"]
[WhiteTeam "Sudan"]
[BlackTeam "Nigeria"]
[WhiteTeamCountry "SUD"]
[BlackTeamCountry "NGR"]

1. e4 e5 2. Nf3 Nc6 3. Nc3 Bc5 4. Be2 d6 5. d3 h6 6. O-O Nf6 7. h3 O-O 8. a3
Nd4 9. Nh2 Nh7 10. Nd5 c6 11. Ne3 a6 12. Bg4 f5 13. exf5 Nxf5 14. Bxf5 Bxf5 15.
Nxf5 Rxf5 16. Qg4 Qf6 17. Be3 Bxe3 18. fxe3 Rf8 19. e4 Rf4 20. Rxf4 exf4 21. c3
Ng5 22. Rf1 Ne6 23. d4 c5 24. d5 Ng5 25. Qe2 Qe5 26. Re1 f3 27. Nxf3 Nxf3+ 28.
gxf3 Qg3+ 29. Kh1 Qxh3+ 30. Qh2 Qxf3+ 31. Qg2 Qf4 32. Kg1 Rf6 33. c4 Kh7 34. b4
b6 35. bxc5 bxc5 36. Rf1 Qe3+ 37. Rf2 Rxf2 38. Qxf2 Qxe4 39. Qf7 Qg6+ 40. Qxg6+
Kxg6 41. Kg2 Kf5 42. Kf3 g5 43. Kg3 h5 44. a4 h4+ 45. Kh3 Kf4 46. Kg2 g4 47.
Kh2 Kf3 48. Kg1 g3 49. Kh1 Kf2 50. a5 g2+ 0-1

[Event "43. Olimpiada Batumi 2018 Femenina"]
[Site "Batumi GEO"]
[Date "2018.10.03"]
[Round "9.4"]
[White "Ogbiyoyo, Perpetual Eloho"]
[Black "Mohamed Ahmed, Naiwa"]
[Result "1-0"]
[WhiteElo "1830"]
[BlackElo "1407"]
[PlyCount "91"]
[EventDate "2018.09.24"]
[EventType "team-swiss"]
[EventRounds "11"]
[EventCountry "GEO"]
[SourceTitle "Ajedrez en Madrid"]
[Source "lmi"]
[SourceDate "2018.09.24"]
[WhiteTeam "Nigeria"]
[BlackTeam "Sudan"]
[WhiteTeamCountry "NGR"]
[BlackTeamCountry "SUD"]

1. e4 d6 2. d4 Nf6 3. Nc3 g6 4. Nf3 Bg7 5. h3 O-O 6. Bg5 c6 7. Qd2 Nbd7 8. Bh6
e5 9. Bxg7 Kxg7 10. dxe5 dxe5 11. O-O-O Re8 12. Be2 b5 13. Qe3 Qa5 14. Nd2 Nb6
15. Nb3 Qb4 16. a3 Qe7 17. g4 Be6 18. g5 Ng8 19. h4 Nc4 20. Bxc4 bxc4 21. Nd2
Rab8 22. Ne2 Rb7 23. Qc3 Bg4 24. f3 Bh5 25. Nxc4 Qc5 26. b4 Qe7 27. Nd6 Reb8
28. Nxb7 Rxb7 29. Ng3 Qe6 30. Nxh5+ gxh5 31. f4 f6 32. gxf6+ Qxf6 33. fxe5 Qf4+
34. Kb2 Qxe4 35. Rhg1+ Kf7 36. Rdf1+ Ke6 37. Rxg8 a5 38. Rf6+ Ke7 39. Rg7+ Ke8
40. Rxb7 axb4 41. axb4 c5 42. Qxc5 Qxb7 43. Qf8+ Kd7 44. e6+ Kc7 45. Rf7+ Kc6
46. Qc5# 1-0

[Event "43. Olimpiada Batumi 2018 Femenina"]
[Site "Batumi GEO"]
[Date "2018.10.03"]
[Round "9.2"]
[White "Blackman, Katrina"]
[Black "Albzoor, Anwar"]
[Result "1/2-1/2"]
[WhiteElo "1755"]
[BlackElo "1595"]
[PlyCount "115"]
[EventDate "2018.09.24"]
[EventType "team-swiss"]
[EventRounds "11"]
[EventCountry "GEO"]
[SourceTitle "Ajedrez en Madrid"]
[Source "lmi"]
[SourceDate "2018.09.24"]
[WhiteTeam "Barbados"]
[BlackTeam "Palestine"]
[WhiteTeamCountry "BAR"]
[BlackTeamCountry "PLE"]

1. d4 d5 2. Bf4 e6 3. Nf3 Nf6 4. e3 Be7 5. h3 O-O 6. Bd3 b6 7. O-O Bb7 8. c4
Nbd7 9. Nc3 Rc8 10. Rc1 c5 11. cxd5 Nxd5 12. Nxd5 Bxd5 13. Bb1 Nf6 14. dxc5
Bxc5 15. Qe2 Ne4 16. Be5 Qe7 17. Rfd1 Rfd8 18. a3 a5 19. Qb5 Bc6 20. Rxd8+ Qxd8
21. Qe2 Ng5 22. Nxg5 Qxg5 23. Bg3 Bb7 24. Rd1 Rd8 25. Rxd8+ Qxd8 26. e4 h6 27.
Bd3 Qd4 28. Bf4 Qd7 29. Bb5 Qd4 30. Bd3 Qd7 31. Be5 Bd4 32. Bb5 Qd8 33. Qd3
Bxf2+ 34. Kxf2 Qh4+ 35. Bg3 Qf6+ 36. Kg1 Qxb2 37. Qd8+ Kh7 38. Bd3 f5 39. Qd7
Bxe4 40. Bxe4 fxe4 41. Qxe6 Qxa3 42. Qxe4+ Kg8 43. Qe6+ Kh7 44. Bd6 Qc1+ 45.
Kh2 Qc6 46. Qf5+ Kg8 47. Qf8+ Kh7 48. Be5 Qg6 49. Qb8 a4 50. Bb2 Qc6 51. Qe5
Qd7 52. Ba3 b5 53. Qc5 Qd3 54. Qe7 Qc2 55. Qe5 Qc6 56. Bb2 Qd7 57. Ba3 Qb7 58.
Qf5+ 1/2-1/2

[Event "43. Olimpiada Batumi 2018 Femenina"]
[Site "Batumi GEO"]
[Date "2018.10.03"]
[Round "9.3"]
[White "Faqeeh, Yara"]
[Black "Greenidge, Vanessa"]
[Result "1-0"]
[WhiteElo "1451"]
[BlackElo "1492"]
[PlyCount "70"]
[EventDate "2018.09.24"]
[EventType "team-swiss"]
[EventRounds "11"]
[EventCountry "GEO"]
[SourceTitle "Ajedrez en Madrid"]
[Source "lmi"]
[SourceDate "2018.09.24"]
[WhiteTeam "Palestine"]
[BlackTeam "Barbados"]
[WhiteTeamCountry "PLE"]
[BlackTeamCountry "BAR"]

1. d4 Nf6 2. c4 e6 3. Nc3 Bb4 4. Qc2 O-O 5. e4 Bxc3+ 6. bxc3 c5 7. Bd3 h6 8.
Ba3 Na6 9. e5 Ne8 10. d5 Qg5 11. Qe2 d6 12. Nf3 Qe7 13. O-O b6 14. dxe6 Bb7 15.
exf7+ Qxf7 16. e6 Qe7 17. Nd2 Nac7 18. Rae1 Nf6 19. f4 Rad8 20. Bg6 Kh8 21. f5
d5 22. cxd5 Rxd5 23. c4 Rd6 24. Bb2 Bc6 25. Nf3 Ng8 26. Ne5 Be8 27. Bxe8 Rxe8
28. Ng6+ Kh7 29. Nxe7 Rxe7 30. Qh5 Rd2 31. Qg6+ Kh8 32. Ba1 Rxa2 33. f6 Nxf6
34. Bxf6 gxf6 35. Rxf6 Rg7 1-0

[Event "43. Olimpiada Batumi 2018 Femenina"]
[Site "Batumi GEO"]
[Date "2018.10.03"]
[Round "9.4"]
[White "Murray, Donna"]
[Black "Faqeeh, Aseel"]
[Result "1-0"]
[WhiteElo "1318"]
[BlackElo "1432"]
[PlyCount "65"]
[EventDate "2018.09.24"]
[EventType "team-swiss"]
[EventRounds "11"]
[EventCountry "GEO"]
[SourceTitle "Ajedrez en Madrid"]
[Source "lmi"]
[SourceDate "2018.09.24"]
[WhiteTeam "Barbados"]
[BlackTeam "Palestine"]
[WhiteTeamCountry "BAR"]
[BlackTeamCountry "PLE"]

1. d4 Nf6 2. Nf3 g6 3. c4 Bg7 4. Nc3 O-O 5. e4 d6 6. Be2 Nbd7 7. O-O e6 8. Bg5
h6 9. Be3 Qe7 10. Qd2 Ng4 11. Bf4 g5 12. Bg3 f5 13. exf5 exf5 14. h3 f4 15. Bh2
Nxh2 16. Nxh2 Nf6 17. Bf3 c6 18. Rfe1 Qf7 19. d5 Bd7 20. Rac1 c5 21. Nb5 Bxb5
22. cxb5 b6 23. Re6 Rad8 24. Rce1 Rfe8 25. Ng4 Nxg4 26. Bxg4 Be5 27. Rxh6 Qg7
28. Be6+ Kf8 29. Rh5 Bxb2 30. Qc2 Qf6 31. Qh7 Bc3 32. Qg8+ Ke7 33. Rh7+ 1-0

[Event "43. Olimpiada Batumi 2018 Femenina"]
[Site "Batumi GEO"]
[Date "2018.10.03"]
[Round "9.1"]
[White "Johnson, Gabriella"]
[Black "Gurung, Sushila"]
[Result "1-0"]
[WhiteElo "1840"]
[BlackElo "1414"]
[PlyCount "69"]
[EventDate "2018.09.24"]
[EventType "team-swiss"]
[EventRounds "11"]
[EventCountry "GEO"]
[SourceTitle "Ajedrez en Madrid"]
[Source "lmi"]
[SourceDate "2018.09.24"]
[WhiteTeam "Trinidad & Tobago"]
[BlackTeam "Nepal"]
[BlackTeamCountry "NEP"]

1. e4 d6 2. d4 Nf6 3. Nc3 g6 4. Bg5 Bg7 5. Qd2 h6 6. Bf4 Nh5 7. Be3 e5 8. O-O-O
exd4 9. Bxd4 Bxd4 10. Qxd4 Qg5+ 11. Kb1 O-O 12. Nf3 Qe7 13. Nd5 Qd8 14. h3 c5
15. Qd2 Kh7 16. Nf4 Nxf4 17. Qxf4 Be6 18. Rxd6 Qa5 19. Rxe6 Nc6 20. Rf6 Kg7 21.
Bc4 Rad8 22. Rxf7+ Rxf7 23. Qxf7+ Kh8 24. Nh4 Ne5 25. Nxg6+ Nxg6 26. Qxg6 Qc7
27. Qxh6+ Qh7 28. Qf6+ Qg7 29. Qxd8+ Kh7 30. Rd1 Qe5 31. Rd7+ Kh6 32. Qh4+ Kg6
33. Qh7+ Kg5 34. Rg7+ Kf4 35. Qh4# 1-0

[Event "43. Olimpiada Batumi 2018 Femenina"]
[Site "Batumi GEO"]
[Date "2018.10.03"]
[Round "9.2"]
[White "Joshi, Sindira"]
[Black "Yearwood, Shannon"]
[Result "1/2-1/2"]
[WhiteElo "1584"]
[BlackElo "1608"]
[PlyCount "113"]
[EventDate "2018.09.24"]
[EventType "team-swiss"]
[EventRounds "11"]
[EventCountry "GEO"]
[SourceTitle "Ajedrez en Madrid"]
[Source "lmi"]
[SourceDate "2018.09.24"]
[WhiteTeam "Nepal"]
[BlackTeam "Trinidad & Tobago"]
[WhiteTeamCountry "NEP"]

1. e4 e5 2. Nf3 Nc6 3. d4 exd4 4. Bc4 Nf6 5. O-O Nxe4 6. Re1 d5 7. Bb5 Bc5 8.
Bxc6+ bxc6 9. Nxd4 O-O 10. Be3 Bxd4 11. Bxd4 c5 12. Be5 Re8 13. Bf4 Bb7 14. Nd2
Qf6 15. Nxe4 dxe4 16. Bxc7 e3 17. Bg3 Rad8 18. Qg4 Rd4 19. f4 Qc6 20. Re2 Qd5
21. Rae1 Rd2 22. Rxd2 Qxd2 23. Qe2 Qxe2 24. Rxe2 Ba6 25. Re1 e2 26. b3 c4 27.
c3 cxb3 28. axb3 Bd3 29. Kf2 f5 30. Ra1 a6 31. Ke1 Bc2 32. b4 Bd3 33. Bf2 Re4
34. g3 Kf7 35. Ra5 Bb5 36. Ra2 Kg6 37. Rd2 Kh5 38. h3 g5 39. Rd5 gxf4 40. Rxf5+
Kg6 41. Rxf4 Rxf4 42. gxf4 Kf5 43. Bg3 Ke4 44. Kd2 Kf3 45. Be1 Kxf4 46. Kc2 Bc4
47. Kd2 Kf3 48. Kc2 Ke3 49. Kc1 h5 50. h4 Bd3 51. Kb2 Kf3 52. Kc1 Kg2 53. Kd2
Kf1 54. Bg3 Bc4 55. Be1 Kg2 56. Ke3 Bb5 57. Kd2 1/2-1/2

[Event "43. Olimpiada Batumi 2018 Femenina"]
[Site "Batumi GEO"]
[Date "2018.10.03"]
[Round "9.3"]
[White "James, Shemilah"]
[Black "Lohani, Sujana"]
[Result "1-0"]
[WhiteElo "1535"]
[BlackElo "1537"]
[PlyCount "107"]
[EventDate "2018.09.24"]
[EventType "team-swiss"]
[EventRounds "11"]
[EventCountry "GEO"]
[SourceTitle "Ajedrez en Madrid"]
[Source "lmi"]
[SourceDate "2018.09.24"]
[WhiteTeam "Trinidad & Tobago"]
[BlackTeam "Nepal"]
[BlackTeamCountry "NEP"]

1. e4 d6 2. d4 Nf6 3. Nc3 g6 4. Bc4 Bg7 5. Qe2 O-O 6. e5 Ne8 7. Bg5 Nc6 8.
O-O-O Kh8 9. Bh4 f6 10. e6 f5 11. Nf3 h6 12. Kb1 a6 13. Rhe1 Rb8 14. Nd5 Nf6
15. Bxf6 Bxf6 16. Nxf6 Rxf6 17. Ne5 Kg7 18. Nxc6 bxc6 19. d5 cxd5 20. Bxd5 c6
21. Bb3 d5 22. Qd3 Qb6 23. Qc3 Bb7 24. Qe5 Rd8 25. c3 Rd6 26. Qxd6 exd6 27. e7
Rf8 28. exf8=Q+ Kxf8 29. Re2 Qc7 30. Rde1 Bc8 31. Ba4 Bd7 32. Re7 Qd8 33. Rh7
Be8 34. Rh8+ Kg7 35. Rhxe8 Qh4 36. Bxc6 Qc4 37. R8e7+ Kf6 38. R7e6+ Kg5 39. Be8
Qd3+ 40. Ka1 Qd2 41. R6e2 Qf4 42. g3 Qc4 43. Re6 Kg4 44. Bxg6 d4 45. cxd4 Qxd4
46. f3+ Kxf3 47. Bxf5 Kg2 48. R6e4 Qc5 49. R4e2+ Kf3 50. Be4+ Kg4 51. Bd3 a5
52. Re4+ Kg5 53. h4+ Kf6 54. Rf1+ 1-0

[Event "43. Olimpiada Batumi 2018 Femenina"]
[Site "Batumi GEO"]
[Date "2018.10.03"]
[Round "9.4"]
[White "Khamboo, Monalisha"]
[Black "Ali, Amy"]
[Result "1/2-1/2"]
[WhiteElo "1704"]
[BlackElo "1446"]
[PlyCount "93"]
[EventDate "2018.09.24"]
[EventType "team-swiss"]
[EventRounds "11"]
[EventCountry "GEO"]
[SourceTitle "Ajedrez en Madrid"]
[Source "lmi"]
[SourceDate "2018.09.24"]
[WhiteTeam "Nepal"]
[BlackTeam "Trinidad & Tobago"]
[WhiteTeamCountry "NEP"]

1. d4 f5 2. c4 Nf6 3. Nc3 g6 4. Nf3 Bg7 5. Bf4 O-O 6. e3 d6 7. Be2 e6 8. O-O
Qe7 9. Qc2 Nbd7 10. Bg5 h6 11. Bxf6 Nxf6 12. Rfe1 e5 13. dxe5 dxe5 14. e4 fxe4
15. Nxe4 Bf5 16. Bd3 Rad8 17. Nxf6+ Qxf6 18. Bxf5 Qxf5 19. Qxf5 Rxf5 20. Re4
Rf4 21. Rxf4 exf4 22. Rb1 Bxb2 23. Kf1 Bd4 24. Nxd4 Rxd4 25. Rxb7 Rxc4 26. Rxa7
Rc1+ 27. Ke2 Rc2+ 28. Kf3 g5 29. g3 Rc3+ 30. Kg4 fxg3 31. hxg3 Kg7 32. Ra6 Rc2
33. f4 gxf4 34. gxf4 Rc5 35. f5 c6 36. a4 Kf6 37. a5 Rc4+ 38. Kh5 Kxf5 39. Kxh6
Ke5 40. Kg5 Kd5 41. Kf5 Ra4 42. Ra8 c5 43. a6 Kc6 44. Ke5 Kb6 45. Kd5 Rxa6 46.
Rxa6+ Kxa6 47. Kxc5 1/2-1/2

[Event "43. Olimpiada Batumi 2018 Femenina"]
[Site "Batumi GEO"]
[Date "2018.10.03"]
[Round "9.1"]
[White "Tjaronda, Nicola"]
[Black "Anandpara, Jayendra Saloni"]
[Result "1/2-1/2"]
[WhiteElo "1503"]
[BlackElo "1326"]
[PlyCount "98"]
[EventDate "2018.09.24"]
[EventType "team-swiss"]
[EventRounds "11"]
[EventCountry "GEO"]
[SourceTitle "Ajedrez en Madrid"]
[Source "lmi"]
[SourceDate "2018.09.24"]
[WhiteTeam "Namibia"]
[BlackTeam "Hong Kong"]
[WhiteTeamCountry "NAM"]
[BlackTeamCountry "HKG"]

1. d4 d5 2. c4 e6 3. Nc3 Nf6 4. Bg5 Be7 5. e3 h6 6. Bxf6 Bxf6 7. Nf3 O-O 8. Be2
b6 9. O-O Bb7 10. cxd5 exd5 11. Qc2 Re8 12. Rfe1 Nc6 13. a3 Ne7 14. Rac1 Rc8
15. Bd3 c5 16. Qd2 c4 17. Bb1 Bc6 18. e4 dxe4 19. Nxe4 Bxe4 20. Rxe4 Ng6 21.
Rxe8+ Qxe8 22. Bxg6 fxg6 23. h3 b5 24. Re1 Qd7 25. Rd1 Qd5 26. Qe3 Kf7 27. Ne5+
Bxe5 28. Qxe5 Qxe5 29. dxe5 Ke6 30. f4 g5 31. fxg5 hxg5 32. Kf2 Rc5 33. Rd8
Rxe5 34. Re8+ Kd5 35. Rd8+ Ke4 36. Rd7 Rd5 37. Re7+ Kd3 38. Re2 a5 39. Ke1 c3
40. bxc3 Kxc3 41. Re3+ Rd3 42. Re5 Kc4 43. Rxg5 Rxa3 44. Rxg7 Re3+ 45. Kd2 Rd3+
46. Kc2 Rc3+ 47. Kb2 Rb3+ 48. Kc2 a4 49. Rg4+ Kc5 1/2-1/2

[Event "43. Olimpiada Batumi 2018 Femenina"]
[Site "Batumi GEO"]
[Date "2018.10.03"]
[Round "9.2"]
[White "Leung, Hoi Ting"]
[Black "Mentile, Lishen"]
[Result "1-0"]
[WhiteElo "1284"]
[BlackElo "1502"]
[PlyCount "91"]
[EventDate "2018.09.24"]
[EventType "team-swiss"]
[EventRounds "11"]
[EventCountry "GEO"]
[SourceTitle "Ajedrez en Madrid"]
[Source "lmi"]
[SourceDate "2018.09.24"]
[WhiteTeam "Hong Kong"]
[BlackTeam "Namibia"]
[WhiteTeamCountry "HKG"]
[BlackTeamCountry "NAM"]

1. e4 d5 2. exd5 Qxd5 3. Nc3 Qd6 4. d4 c6 5. Nf3 Nf6 6. Bc4 Bg4 7. Be3 Nbd7 8.
a3 e6 9. Be2 Be7 10. Qd2 h6 11. Bf4 e5 12. Nxe5 Nxe5 13. Bxe5 Qe6 14. O-O O-O
15. Rfe1 Qd7 16. Rad1 Rad8 17. Qf4 Bxe2 18. Nxe2 c5 19. Qc1 Qc6 20. Ng3 Ng4 21.
Bxg7 Bg5 22. f4 Kxg7 23. fxg5 hxg5 24. Qxg5+ Qg6 25. Qxg6+ fxg6 26. dxc5 Rc8
27. Re7+ Kg8 28. Rdd7 Nf6 29. Rxb7 Rxc5 30. c3 Rd5 31. h3 Re8 32. Rxa7 Rxe7 33.
Rxe7 Kf8 34. Rb7 Rd3 35. Kh2 Ke8 36. a4 Kd8 37. Rg7 Rd2 38. Rxg6 Nd7 39. b4 Rd3
40. Rc6 Ne5 41. Rc5 Nd7 42. Rc4 Nb6 43. Rd4+ Rxd4 44. cxd4 Nxa4 45. Ne2 Kd7 46.
g4 1-0

[Event "43. Olimpiada Batumi 2018 Femenina"]
[Site "Batumi GEO"]
[Date "2018.10.03"]
[Round "9.3"]
[White "Shipindo, Rauha"]
[Black "Ng, Sau Wai"]
[Result "1-0"]
[WhiteElo "1518"]
[BlackElo "1222"]
[PlyCount "123"]
[EventDate "2018.09.24"]
[EventType "team-swiss"]
[EventRounds "11"]
[EventCountry "GEO"]
[SourceTitle "Ajedrez en Madrid"]
[Source "lmi"]
[SourceDate "2018.09.24"]
[WhiteTeam "Namibia"]
[BlackTeam "Hong Kong"]
[WhiteTeamCountry "NAM"]
[BlackTeamCountry "HKG"]

1. e4 c6 2. d4 d5 3. Nc3 dxe4 4. Nxe4 Bf5 5. Ng3 Bg6 6. Nf3 e6 7. Be2 Nf6 8. c3
Bd6 9. O-O Nbd7 10. Re1 Qc7 11. Bd3 O-O-O 12. b4 Bxg3 13. fxg3 Nd5 14. Qd2 Rhe8
15. b5 Kb8 16. c4 N5b6 17. a4 c5 18. a5 Na8 19. Qc3 cxd4 20. Nxd4 e5 21. Nb3
Bxd3 22. Qxd3 Nc5 23. Qc2 Nxb3 24. Qxb3 Rd4 25. c5 f6 26. Be3 Rdd8 27. b6 Qc6
28. Red1 a6 29. Qf7 g5 30. Qxh7 Kc8 31. Qf5+ Kb8 32. Rxd8+ Rxd8 33. Rf1 Rf8 34.
Qxe5+ Kc8 35. Qf5+ Qd7 36. Qxd7+ Kxd7 37. Bxg5 Ke7 38. Bf4 Ke6 39. Bd6 Rg8 40.
Re1+ Kd7 41. Re7+ Kc6 42. Kf2 Rg4 43. Rc7+ Nxc7 44. bxc7 Kd7 45. h4 Ra4 46. h5
Ra2+ 47. Kf3 Rxa5 48. g4 Ra4 49. h6 Ra1 50. Kf4 Rf1+ 51. Ke4 Rh1 52. Bf4 a5 53.
Kf5 a4 54. Kxf6 a3 55. Kg7 a2 56. Be5 a1=Q 57. Bxa1 Rh4 58. g5 Ra4 59. Be5 Ra8
60. h7 Re8 61. h8=Q Re7+ 62. Kh6 1-0

[Event "43. Olimpiada Batumi 2018 Femenina"]
[Site "Batumi GEO"]
[Date "2018.10.03"]
[Round "9.4"]
[White "Li, Joy Ching"]
[Black "Valombola, Magdalena"]
[Result "1-0"]
[WhiteElo "1137"]
[BlackElo "1364"]
[PlyCount "93"]
[EventDate "2018.09.24"]
[EventType "team-swiss"]
[EventRounds "11"]
[EventCountry "GEO"]
[SourceTitle "Ajedrez en Madrid"]
[Source "lmi"]
[SourceDate "2018.09.24"]
[WhiteTeam "Hong Kong"]
[BlackTeam "Namibia"]
[WhiteTeamCountry "HKG"]
[BlackTeamCountry "NAM"]

1. Nf3 d5 2. g3 Nf6 3. Bg2 Bf5 4. c4 e6 5. O-O Be7 6. d3 Nbd7 7. Nc3 c6 8. Bf4
d4 9. Nxd4 Bxd3 10. Nxc6 bxc6 11. exd3 Rc8 12. Be3 Qc7 13. Qa4 a5 14. d4 Ng4
15. Bf4 Qb6 16. Qd1 Ngf6 17. Rb1 O-O 18. c5 Qa6 19. Re1 Rfd8 20. Qe2 Qxe2 21.
Rxe2 Nh5 22. Be3 Nb8 23. a3 g6 24. b4 axb4 25. Rxb4 Bf6 26. Rd2 Ng7 27. Rbb2
Nf5 28. Ne4 Bg7 29. Bg5 Rd7 30. Nf6+ Bxf6 31. Bxf6 Nh6 32. h3 Kf8 33. Rb6 Ng8
34. Be5 Ra7 35. Rxb8 Rxb8 36. Bxb8 Rxa3 37. Bd6+ Kg7 38. Bxc6 Ra6 39. Bb7 Ra1+
40. Kg2 Nf6 41. Be5 g5 42. Be4 Re1 43. f3 Rc1 44. Rc2 Ra1 45. c6 Ra5 46. c7
Rxe5 47. dxe5 1-0

[Event "43. Olimpiada Batumi 2018 Femenina"]
[Site "Batumi GEO"]
[Date "2018.10.03"]
[Round "9.2"]
[White "Hoareau, Rachelle"]
[Black "Wong, Linda Jane"]
[Result "0-1"]
[WhiteElo "1467"]
[BlackElo "1378"]
[PlyCount "104"]
[EventDate "2018.09.24"]
[EventType "team-swiss"]
[EventRounds "11"]
[EventCountry "GEO"]
[SourceTitle "Ajedrez en Madrid"]
[Source "lmi"]
[SourceDate "2018.09.24"]
[WhiteTeam "Seychelles"]
[BlackTeam "Chinese Taipei"]
[WhiteTeamCountry "SEY"]

1. e4 c6 2. d4 d5 3. Nc3 dxe4 4. Nxe4 Bf5 5. Ng3 Bg6 6. Nf3 Nd7 7. Bc4 e6 8.
O-O h6 9. Re1 Be7 10. c3 Ngf6 11. Bd3 Bxd3 12. Qxd3 Qc7 13. Be3 O-O 14. Qd2 Ng4
15. Bf4 Bd6 16. Re4 Bxf4 17. Rxf4 Ngf6 18. Rh4 Rfd8 19. Rxh6 gxh6 20. Qxh6 Qd6
21. Nh5 Nxh5 22. Qxh5 Qf4 23. g3 Nf6 24. Qg5+ Qxg5 25. Nxg5 Rd5 26. Nf3 Rad8
27. Kg2 c5 28. h4 cxd4 29. cxd4 Rc8 30. b3 Rc2 31. Ne1 Rc3 32. Nf3 Nd7 33. Rd1
Rc2 34. Ra1 Nb8 35. a4 Nc6 36. Rd1 Rc3 37. h5 Rxb3 38. h6 Kh7 39. Rh1 Nxd4 40.
g4 Nxf3 41. Rh3 Ne1+ 42. Kh2 Rxh3+ 43. Kxh3 Nd3 44. f3 Ra5 45. g5 Rxa4 46. Kg3
Rc4 47. Kh3 a5 48. Kg3 a4 49. Kh3 a3 50. Kg3 a2 51. f4 Rxf4 52. g6+ fxg6 0-1

[Event "43. Olimpiada Batumi 2018 Femenina"]
[Site "Batumi GEO"]
[Date "2018.10.03"]
[Round "9.3"]
[White "Wang, Mi"]
[Black "Figaro, Dericka"]
[Result "1-0"]
[WhiteElo "1585"]
[BlackElo "1671"]
[PlyCount "111"]
[EventDate "2018.09.24"]
[EventType "team-swiss"]
[EventRounds "11"]
[EventCountry "GEO"]
[SourceTitle "Ajedrez en Madrid"]
[Source "lmi"]
[SourceDate "2018.09.24"]
[WhiteTeam "Chinese Taipei"]
[BlackTeam "Seychelles"]
[BlackTeamCountry "SEY"]

1. e4 c5 2. Nf3 d6 3. d4 cxd4 4. Nxd4 Nc6 5. Nc3 Nf6 6. Be3 Nxd4 7. Bxd4 e5 8.
Be3 Be6 9. Bb5+ Bd7 10. Bc4 Be7 11. O-O O-O 12. f3 a6 13. Bb3 b5 14. Nd5 Rb8
15. Nxf6+ Bxf6 16. Qxd6 a5 17. Rad1 a4 18. Qxd7 Qxd7 19. Rxd7 axb3 20. axb3 b4
21. Ra1 Rfc8 22. Rd2 h6 23. Kf2 Rc6 24. Ke2 Rbc8 25. Kd1 Be7 26. Ra5 f6 27. Ra7
Bf8 28. Bf2 Kh7 29. Be1 Bc5 30. Ra4 Be3 31. Rd3 Bg5 32. c3 bxc3 33. bxc3 Rb6
34. Kc2 Rcb8 35. b4 Kg6 36. Rd5 Be3 37. Kb3 Bg1 38. h3 R6b7 39. c4 Kg5 40. g3
Be3 41. Bd2 Bxd2 42. Rxd2 h5 43. h4+ Kh6 44. Rd6 Rf8 45. c5 g5 46. Raa6 Rbf7
47. c6 gxh4 48. gxh4 Kg7 49. Kc4 f5 50. Rd7 fxe4 51. fxe4 Rc8 52. Kd5 Rb8 53.
Rxf7+ Kxf7 54. c7 Rc8 55. Kd6 Kf6 56. Kd7+ 1-0